000 00844nam a2200301Ia 4500
001 14252
003 IT-RoPAU
008 130308s9999 xx 000 0 und d
040 _aIT-RoPAU
040 _cIT-RoPAU
041 _aITALIANO
100 _aDe Ventos Xavier Rubert
100 _gCodice Aut. SPICS: 7243
245 _aFare ed ornare
245 _bScienza e L'Arte (La)
250 _a1a ed.
260 _aMILANO
260 _bMazzotta
260 _c1972 [1° Ed.:1972 - Ed.Ling.Originale:1972]
300 _a"10 p. (prefazione: no ; testo: 10 [pagine: 201-210])"
500 _aAllenza dell'arte primitiva e dell'arte Scientifica di Fronte All'Arte Umanistica Arte Applicata
650 _aSAGGI DI ESTETOLOGIA
650 _eCodice materia Spics: 5111
942 _cBK
957 _71
999 _c47506
_d47506
999 _bSI
999 _g1